00309nam a2200109Ia 4500008004100000020001800041041000800059100001400067245007000081260004000151300000800191230822s2011 xx 000 0 und d a9780000000000 aeng aCREEDY J. aRESEARCH WITHOUT TEARS, FROM THE FIRST IDEAS TO PUBLISHED OUTPUT. bEDWARD ARNOLD PUBLISHERS LTD.c2011 a189